| 000 | 00770nac a22002171u 4500 | ||
|---|---|---|---|
| 010 | _a 2004302986 | ||
| 020 | _a1405129883 | ||
| 035 | _a(OCoLC)ocm56532891 | ||
| 082 | 0 | 0 |
_a382.3 _bG828 |
| 090 |
_c2398 _d2398 |
||
| 100 | _a20080729 | ||
| 245 | 0 | 4 |
_aThe world economy : _bglobal trade policy 2004 / _cedited by David Greenaway. |
| 260 |
_aMalden, MA : _bBlackwell,2005 _c2005. |
||
| 300 |
_a190 p. : _bill. ; _c25 cm. |
||
| 504 | _aIncludes bibliographical references and index. | ||
| 650 | 0 | _aCommercial policy. | |
| 650 | 0 | _aInternational trade. | |
| 700 | 1 | _aGreenaway, David. | |
| 942 |
_cBB _k382.3G828 |
||
| 999 |
_c2398 _d2398 |
||